|
|
|
|
| LEADER |
02005cas a2200241 a 4500 |
| 001 |
AALejournalIMF004274 |
| 008 |
230101c9999 xx r poo 0 0eng d |
| 020 |
|
|
|c 5.00 USD
|
| 020 |
|
|
|z 9781451864304
|
| 022 |
|
|
|a 1018-5941
|
| 040 |
|
|
|a BD-DhAAL
|c BD-DhAAL
|
| 100 |
1 |
|
|a Warnock, Francis.
|
| 245 |
1 |
0 |
|a How Might a Disorderly Resolution of Global Imbalances Affect Global Wealth? /
|c Francis Warnock.
|
| 264 |
|
1 |
|a Washington, D.C. :
|b International Monetary Fund,
|c 2006.
|
| 300 |
|
|
|a 1 online resource (28 pages)
|
| 490 |
1 |
|
|a IMF Working Papers
|
| 500 |
|
|
|a <strong>Off-Campus Access:</strong> No User ID or Password Required
|
| 500 |
|
|
|a <strong>On-Campus Access:</strong> No User ID or Password Required
|
| 506 |
|
|
|a Electronic access restricted to authorized BRAC University faculty, staff and students
|
| 520 |
3 |
|
|a Partly reflecting structural advantages such a liquidity and strong investor protection, foreigners have built up extremely large positions in U.S. (as well as other dollar-denominated) financial assets. This paper describes the impact on global wealth of an unanticipated shock to U.S. financial markets. For every 10 percent decline in the dollar, U.S. equity markets, and U.S. bond markets, total wealth losses to foreigners could amount to about 5 percentage points of foreign GDP. Four stylized facts emerge: (i) foreign countries, particularly emerging markets, are more exposed to U.S. bonds than U.S. equities; (ii) U.S. exposure has increased for most countries; (iii) on average, U.S. asset holdings of developed countries and emerging markets (scaled by GDP) are very similar; and (iv) based on their reserve positions, wealth losses of emerging market governments could, on average, amount to about 2 3/4 percentage points of their GDP.
|
| 538 |
|
|
|a Mode of access: Internet
|
| 830 |
|
0 |
|a IMF Working Papers; Working Paper ;
|v No. 2006/170
|
| 856 |
4 |
0 |
|z Full text available on IMF
|u http://elibrary.imf.org/view/journals/001/2006/170/001.2006.issue-170-en.xml
|z IMF e-Library
|